000 00305 a2200157 4500
001 50337
020 _a8585642297
040 _cAnchieta - Bela Vista
100 _aRachlin, Ann
240 1 0 _aSchumann
_lpor
245 1 0 _aSchumann
300 _a24
362 0 _a1993
650 4 _aPintura
942 _cBK
999 _c50337
_d50337